00594cam a22002051 4500001001300000003000400013005001700017008004100034010001700075035002000092040001900112050002000131082001000151100003800161245007000199260004600269300001800315490003800333999001700371ca 36001436 DLC20260227111143.0850124s1928 ilu 000 0 eng  aca 36001436  a(OCoLC)11614267 aDLCcCU-IdDLC00aPN4305.M6bP226 a815.51 aParker, Mary Moncure,d1862-1941.14aThe end of the journey,ba monologue,cby Mary Moncure Parker ... aChicago,bT.S. Denison & companyc[c1928] a16 p.c18 cm.0 aDenison's monologues and readings c18283d18283